[Event "9th Sunway Sitges 2022"]
[Site "Sitges ESP"]
[Date "2022.12.17"]
[Round "6.73"]
[White "Van Dael, Siem"]
[Black "Arhan, Chethan Anand"]
[Result "0-1"]
[WhiteTitle "FM"]
[WhiteElo "2345"]
[BlackElo "2112"]
[WhiteFideId "1049771"]
[BlackFideId "45062510"]
[EventDate "2022.12.12"]

1. e4 e5 2. Nf3 Nc6 3. Bc4 Bc5 4. c3 Nf6 5. d4 exd4 6. b4 Bb6 7. e5 d5 8. exf6
dxc4 9. Qe2+ Be6 10. b5 d3 11. Qe4 Nb4 12. O-O Qd5 13. fxg7 Rg8 14. Qxh7 O-O-O
15. Bg5 Bf5 16. Qh6 Rd6 17. Bf6 Rxf6 18. Qxf6 Nc2 19. Ne5 Qe6 20. Qxe6+ Bxe6 21.
Nd2 Na3 22. Rae1 Rxg7 23. Re4 Bd5 24. Rg4 Rxg4 25. Nxg4 Nxb5 26. Nf6 c6 27. Nfe4
f5 28. a4 fxe4 29. axb5 e3 30. Nb1 e2 31. Rc1 cxb5 32. h4 Kd7 33. h5 Ke7 0-1

[Event "9th Sunway Sitges 2022"]
[Site "Sitges ESP"]
[Date "2022.12.17"]
[Round "6.74"]
[White "Voiteanu, Gabriel"]
[Black "Vogt, Lothar"]
[Result "1-0"]
[WhiteTitle "FM"]
[BlackTitle "GM"]
[WhiteElo "2152"]
[BlackElo "2339"]
[WhiteFideId "1208810"]
[BlackFideId "4611292"]
[EventDate "2022.12.12"]

1. d4 Nf6 2. c4 g6 3. Nc3 Bg7 4. e4 d6 5. Be2 O-O 6. Be3 e5 7. d5 Na6 8. g4 Nc5
9. f3 a5 10. h4 h5 11. Bg5 hxg4 12. fxg4 Qe8 13. Bxf6 Bxf6 14. Qd2 Kg7 15. O-O-O
Rh8 16. g5 Be7 17. Nf3 Bg4 18. Rdg1 Bh5 19. Ne1 Qd7 20. Qe3 Bxe2 21. Qxe2 Rh5
22. Kb1 Rah8 23. Nf3 a4 24. Qe3 R5h7 25. Rh2 Kf8 26. Qe2 Ke8 27. Nd1 Kd8 28. Nf2
Kc8 29. Ng4 Qd8 30. Qe3 b6 31. Nh6 Bf8 32. Ng4 Bg7 33. b4 axb3 34. axb3 Kb7 35.
Ra2 Qd7 36. Kc2 Ra8 37. Rxa8 Kxa8 38. Ra1+ Kb7 39. b4 Qxg4 40. bxc5 dxc5 41. Qa3
Qxe4+ 42. Kd1 Qxc4 43. Qa8# 1-0

[Event "9th Sunway Sitges 2022"]
[Site "Sitges ESP"]
[Date "2022.12.17"]
[Round "6.75"]
[White "Papadiamandis, Elliot"]
[Black "Yash, Jyoti Bir"]
[Result "1/2-1/2"]
[WhiteTitle "IM"]
[BlackTitle "WFM"]
[WhiteElo "2334"]
[BlackElo "2099"]
[WhiteFideId "36074160"]
[BlackFideId "35027263"]
[EventDate "2022.12.12"]

1. e4 c5 2. Nf3 d6 3. d4 cxd4 4. Nxd4 Nf6 5. Nc3 a6 6. h3 e6 7. g4 d5 8. exd5
Nxd5 9. Nde2 Bb4 10. Bg2 O-O 11. Bd2 Nxc3 12. Nxc3 Nc6 13. a3 Ba5 14. Qe2 Qc7
15. O-O Bb6 16. Qc4 Nd4 17. Qxc7 Bxc7 18. Rac1 f5 19. Be3 e5 20. f4 fxg4 21.
hxg4 Bxg4 22. Bxb7 Rab8 23. Bd5+ Kh8 24. b4 Bb6 25. Kg2 Nf5 26. Bxb6 Rxb6 27.
Kf2 exf4 28. Rg1 Ne3 29. Ne4 Rh6 30. Ng5 Rh2+ 31. Bg2 Re8 32. Rce1 Rc8 33. Rc1
Re8 34. Rce1 Rc8 35. Rc1 1/2-1/2

[Event "9th Sunway Sitges 2022"]
[Site "Sitges ESP"]
[Date "2022.12.17"]
[Round "6.76"]
[White "Priyanka, K"]
[Black "Karavade, Eesha"]
[Result "1/2-1/2"]
[WhiteTitle "WIM"]
[BlackTitle "IM"]
[WhiteElo "2146"]
[BlackElo "2325"]
[WhiteFideId "5082986"]
[BlackFideId "5012600"]
[EventDate "2022.12.12"]

1. e4 e5 2. Nf3 Nc6 3. Bc4 Bc5 4. b4 Bxb4 5. c3 Ba5 6. d4 d6 7. Qb3 Qd7 8. dxe5
dxe5 9. O-O Bb6 10. Rd1 Qe7 11. a4 Bc5 12. Ba3 Bxa3 13. Nxa3 Nf6 14. Bd5 O-O 15.
Nc4 Nd8 16. Ncxe5 c6 17. Bc4 Be6 18. Re1 Bxc4 19. Nxc4 Qc5 20. Qb4 Ne6 21. a5
Rfd8 22. Rab1 h6 23. h3 Rac8 24. Nce5 Rc7 25. Rb2 Re8 26. Rbb1 Rd8 27. Rb2 Re8
28. Rbb1 Rd8 29. Rb2 Re8 30. Rbb1 Rd8 1/2-1/2

[Event "9th Sunway Sitges 2022"]
[Site "Sitges ESP"]
[Date "2022.12.17"]
[Round "6.77"]
[White "Yordanov, Lachezar"]
[Black "Nikolov, Yavor"]
[Result "1/2-1/2"]
[WhiteTitle "FM"]
[WhiteElo "2294"]
[BlackElo "2092"]
[WhiteFideId "2918927"]
[BlackFideId "2926644"]
[EventDate "2022.12.12"]

1. d4 Nf6 2. c4 e6 3. g3 d5 4. Bg2 Be7 5. Nf3 O-O 6. O-O c6 7. Qc2 b6 8. Bf4 Bb7
9. cxd5 cxd5 10. Ne5 Nfd7 11. Nxd7 Qxd7 12. Nc3 Nc6 13. Rfd1 Rac8 14. Rac1 Bf6
15. Be3 h6 16. f3 Rfd8 17. Bf2 Qe7 18. e3 a6 19. Qe2 b5 20. Nb1 Qb4 21. Be1 Qd6
22. f4 Nb8 23. Nd2 Nd7 24. Nb3 Rxc1 25. Rxc1 Rc8 26. Rxc8+ Bxc8 27. Qc2 Bb7 28.
Na5 Qb6 29. Kf1 Be7 30. Bf3 Nf6 31. Nb3 Nd7 32. Ba5 Qc6 33. Qxc6 Bxc6 34. Nc1
Bd6 35. Nd3 Bb7 36. Ke2 g6 37. g4 Kg7 38. h4 Nb8 39. Bb6 Nc6 40. Bc5 Bc7 41. g5
hxg5 42. hxg5 f6 43. gxf6+ Kxf6 44. Bg4 Bc8 45. Kf3 Bd8 46. Bh3 Kg7 47. Bd6 g5
48. Bg4 Bf6 49. Bh5 gxf4 50. Be8 Nd8 51. Nxf4 Nf7 52. Bc5 Ng5+ 53. Ke2 Bd8 54.
Kd3 Ne4 55. Ba3 Bg5 56. Nh5+ Kg8 57. Nf4 Kg7 58. Ke2 Nf6 59. Bc6 Ne4 60. Nd3
Ng3+ 61. Kf3 Ne4 62. Bb4 Bd8 63. Ne5 Bc7 64. Nd3 Kf6 65. Be8 Ng5+ 66. Ke2 Ne4
67. Bc6 Kf7 68. Kd1 Kf6 69. Kc2 Ng3 70. Nc5 Nf5 71. Kd3 Nd6 72. Be1 Nf5 73. b3
Ke7 74. a4 bxa4 75. bxa4 Bb6 76. Bb4 Kd8 77. a5 Ba7 78. Ba4 Kc7 79. e4 dxe4+ 80.
Kxe4 Nd6+ 81. Ke5 Nc4+ 82. Kf6 Ne3 83. Bd2 Nc4 84. Bb4 Ne3 85. Be1 Kd6 86. Bg3+
Kd5 87. Bb3+ Kxd4 88. Nxe6+ 1/2-1/2

[Event "9th Sunway Sitges 2022"]
[Site "Sitges ESP"]
[Date "2022.12.17"]
[Round "6.79"]
[White "Noria Silvestre, Joaquin"]
[Black "Schulze, Lara"]
[Result "0-1"]
[BlackTitle "FM"]
[WhiteElo "2138"]
[BlackElo "2284"]
[WhiteFideId "2200619"]
[BlackFideId "12956830"]
[EventDate "2022.12.12"]

1. e4 c5 2. Nc3 Nc6 3. Bb5 Nd4 4. Bc4 a6 5. Nf3 b5 6. Bd5 Rb8 7. Nxd4 cxd4 8.
Ne2 Nf6 9. Bb3 Nxe4 10. d3 Nc5 11. Nxd4 e6 12. Bf4 Ra8 13. c3 Bb7 14. O-O Qf6
15. Bg3 h5 16. h4 g5 17. hxg5 Qxg5 18. Nf3 Qg4 19. Ne1 Nxb3 20. Qxg4 hxg4 21.
axb3 Bg7 22. Nc2 f5 23. d4 Kf7 24. Rfd1 Bd5 25. Ra3 a5 26. Be5 Rh5 27. Bxg7 Kxg7
28. Ne1 b4 29. cxb4 Rah8 30. Kf1 axb4 31. Ra7 Bc6 32. Ke2 f4 33. Nd3 f3+ 34.
gxf3 Bxf3+ 35. Kd2 Bxd1 36. Rxd7+ Kf6 37. Kxd1 Rh1+ 38. Ke2 Rb1 39. Ke3 Rh3+ 40.
Ke4 Rf3 41. d5 exd5+ 42. Rxd5 Rd1 43. Rd8 Ke7 44. Rd4 Rd2 45. Rd5 Kf6 46. Rd8
Rdxd3 47. Rxd3 Rxf2 48. Rd5 g3 49. Rd3 g2 50. Rg3 Rxb2 51. Kd4 Kf5 52. Kc4 Re2
53. Kb5 Kf4 0-1

[Event "9th Sunway Sitges 2022"]
[Site "Sitges ESP"]
[Date "2022.12.17"]
[Round "6.80"]
[White "Gugan G"]
[Black "Torngren, Gustav"]
[Result "1-0"]
[BlackTitle "FM"]
[WhiteElo "2126"]
[BlackElo "2275"]
[WhiteFideId "45092931"]
[BlackFideId "1728970"]
[EventDate "2022.12.12"]

1. e4 c6 2. d4 d5 3. exd5 cxd5 4. c4 Nf6 5. Nc3 Nc6 6. Bg5 Be6 7. Nf3 g6 8. Bxf6
exf6 9. c5 Bg7 10. Be2 O-O 11. O-O b6 12. Bb5 Rc8 13. Bxc6 Rxc6 14. b4 Rc8 15.
Qa4 a5 16. a3 bxc5 17. bxc5 Bd7 18. Qb3 Bc6 19. a4 Rb8 20. Nb5 Re8 21. Qd3 Qd7
22. Rab1 f5 23. Qc3 Ra8 24. Rb2 Re7 25. Rfb1 Re4 26. Nd6 Re7 27. h3 Bf6 28. Rb8+
Kg7 29. Ne5 1-0

[Event "9th Sunway Sitges 2022"]
[Site "Sitges ESP"]
[Date "2022.12.17"]
[Round "6.81"]
[White "Coles, Ruben"]
[Black "Benmesbah, Natacha"]
[Result "0-1"]
[BlackTitle "WIM"]
[WhiteElo "2098"]
[BlackElo "2268"]
[WhiteFideId "551017822"]
[BlackFideId "642002"]
[EventDate "2022.12.12"]

1. e4 c5 2. Nf3 Nc6 3. Bb5 g6 4. O-O Bg7 5. c3 Nf6 6. Re1 O-O 7. d4 cxd4 8. cxd4
d5 9. e5 Ne8 10. h3 Bd7 11. Nc3 Nc7 12. Bxc6 Bxc6 13. Be3 Rc8 14. Qd2 Ne6 15.
Rac1 Qd7 16. Bh6 a5 17. Ne2 b6 18. Bxg7 Kxg7 19. Nf4 Bb5 20. Nxe6+ Qxe6 21. Qe3
h6 22. Nh2 h5 23. Nf3 Rxc1 24. Rxc1 Rc8 25. Rxc8 Qxc8 26. Ng5 Bd7 27. Kh2 Bf5
28. Qa3 Qc7 29. g4 hxg4 30. hxg4 Bxg4 31. Qg3 Qc8 32. Qh4 Bh5 33. Nh3 Qf5 34.
Nf4 Bf3 35. Qg3 Be4 36. f3 Bb1 37. Nxd5 Qd7 38. Nxb6 Qxd4 39. Nc8 Qxb2+ 40. Kh1
Qc1+ 41. Qg1 Qxc8 42. Qxb1 Qh3+ 0-1

[Event "9th Sunway Sitges 2022"]
[Site "Sitges ESP"]
[Date "2022.12.17"]
[Round "6.82"]
[White "Korkmaz, Necmettin"]
[Black "Newrkla, Katharina"]
[Result "1-0"]
[WhiteTitle "CM"]
[BlackTitle "WIM"]
[WhiteElo "2077"]
[BlackElo "2265"]
[WhiteFideId "6303285"]
[BlackFideId "1621629"]
[EventDate "2022.12.12"]

1. e4 c5 2. Nf3 d6 3. Bb5+ Nd7 4. a4 Nf6 5. Nc3 a6 6. Be2 b6 7. d4 cxd4 8. Qxd4
Bb7 9. O-O e5 10. Qe3 Be7 11. Rd1 Qc7 12. Nd2 O-O 13. Nc4 Nc5 14. Bf3 Rab8 15.
b3 Ne6 16. Ne2 b5 17. axb5 axb5 18. Na3 b4 19. Nc4 Ra8 20. Bd2 Qc5 21. Qxc5 dxc5
22. Ng3 g6 23. Bh6 Rfd8 24. Nxe5 Rxd1+ 25. Rxd1 Nd4 26. Ng4 Nxg4 27. Bxg4 Bf8
28. Bg5 h5 29. Bf3 Nxc2 30. Ne2 Ra1 31. Rxa1 Nxa1 32. Nc1 Bg7 33. Be3 c4 34. Bd1
c3 35. f3 Ba6 36. Kf2 c2 37. Be2 Bxe2 38. Kxe2 Bb2 39. Kd3 Bxc1 40. Bxc1 Nxb3
41. Kxc2 Nc5 42. Be3 b3+ 43. Kc3 b2 44. Kxb2 Nd3+ 45. Kc3 Ne1 46. Kd2 Nxg2 47.
Bg5 f6 48. Bxf6 Nf4 49. Ke3 Ne6 50. f4 Kf7 51. Bc3 Nc7 52. Be5 Na6 53. Bd6 Ke6
54. e5 Kd5 55. h4 1-0

[Event "9th Sunway Sitges 2022"]
[Site "Sitges ESP"]
[Date "2022.12.17"]
[Round "6.83"]
[White "Ruiz Buendia, Miguel"]
[Black "Rodriguez Diaz, Javier"]
[Result "0-1"]
[WhiteTitle "FM"]
[WhiteElo "2257"]
[BlackElo "2084"]
[WhiteFideId "24537675"]
[BlackFideId "32044186"]
[EventDate "2022.12.12"]

1. e4 e5 2. Nf3 Nc6 3. Bc4 Bc5 4. c3 Nf6 5. d4 exd4 6. e5 d5 7. Bb5 Ne4 8. cxd4
Bb6 9. Nc3 O-O 10. Be3 Bg4 11. h3 Bh5 12. Qc2 Nb4 13. Qa4 c6 14. Be2 Na6 15.
Bxa6 bxa6 16. Rc1 c5 17. g4 Bg6 18. Qxa6 cxd4 19. Nxd4 Nc5 20. Qb5 Nd3+ 21. Ke2
Bxd4 22. Bxd4 Rb8 23. Qc6 Rxb2+ 24. Kf3 Qg5 25. Nxd5 Rxf2+ 26. Kg3 Re2 27. h4
Qd2 28. Ne7+ Kh8 29. Nxg6+ hxg6 30. Rcf1 Nxe5 31. Rd1 Nxc6 0-1

[Event "9th Sunway Sitges 2022"]
[Site "Sitges ESP"]
[Date "2022.12.17"]
[Round "6.84"]
[White "Hapala, Elisabeth"]
[Black "Aditya, Varun Gampa"]
[Result "1/2-1/2"]
[WhiteTitle "WFM"]
[WhiteElo "2075"]
[BlackElo "2249"]
[WhiteFideId "1622080"]
[BlackFideId "45066183"]
[EventDate "2022.12.12"]

1. e4 c5 2. Nf3 g6 3. d4 cxd4 4. Nxd4 Nc6 5. c4 Bg7 6. Be3 Nf6 7. Nc3 O-O 8. Be2
d6 9. O-O Bd7 10. Nc2 Qa5 11. f3 Rfc8 12. Qd2 Ne8 13. f4 Bxc3 14. bxc3 Nf6 15.
Bf3 Be6 16. Rfb1 Rab8 17. Nd4 Bxc4 18. Nxc6 Rxc6 19. e5 Nd5 20. Bd4 e6 21. exd6
Rxd6 22. Be5 b5 23. Bxd6 Qb6+ 24. Qd4 Qxd6 25. Bxd5 exd5 26. Qxa7 Qxf4 27. Rf1
Bxf1 28. Rxf1 Qe5 29. Qxf7+ Kh8 30. Qf6+ Qxf6 31. Rxf6 b4 32. cxb4 Rxb4 33. Rd6
d4 34. a3 Ra4 35. Rd7 Kg8 36. Kf2 h5 37. h4 Kf8 38. g3 Ke8 39. Rd6 Kf7 40. Kf3
Rxa3+ 41. Kf4 Rd3 42. g4 hxg4 43. Kxg4 Rd1 44. Kf3 d3 45. Ke3 Kg7 46. h5 gxh5
47. Rxd3 Rh1 48. Kf2 Kg6 49. Kg2 Re1 50. Rd6+ Kf7 51. Rh6 Re5 52. Kh3 Kg7 53.
Rb6 Re1 54. Rb5 Kg6 55. Rb6+ Kf5 56. Rb5+ Kf4 57. Rb4+ Kf3 58. Rb3+ Kf2 59. Rb2+
Ke3 60. Rb3+ Kd4 61. Rb5 Ke4 62. Rb4+ 1/2-1/2

[Event "9th Sunway Sitges 2022"]
[Site "Sitges ESP"]
[Date "2022.12.17"]
[Round "6.85"]
[White "Oswaldo Valentin, Requejo Cotrin"]
[Black "Dietrich, Peter"]
[Result "0-1"]
[WhiteTitle "FM"]
[WhiteElo "2248"]
[BlackElo "2015"]
[WhiteFideId "3800423"]
[BlackFideId "1674897"]
[EventDate "2022.12.12"]

1. d4 Nf6 2. c4 e6 3. Nc3 d5 4. Bg5 Be7 5. e3 O-O 6. Nf3 b6 7. Qc2 Bb7 8. Bxf6
Bxf6 9. cxd5 exd5 10. h4 c5 11. Bd3 g6 12. h5 Kg7 13. Ne5 Bxe5 14. dxe5 Nc6 15.
e6 Nb4 16. Qe2 Nxd3+ 17. Qxd3 fxe6 18. hxg6 hxg6 19. O-O-O Qf6 20. f4 d4 21.
exd4 Qxf4+ 22. Kb1 cxd4 23. Rdf1 Qg4 24. Qc4 Rxf1+ 25. Rxf1 Rc8 26. Qb4 Rc5 27.
a3 Bxg2 28. Rf2 Bf3 29. Rxf3 Qxf3 30. Qxd4+ Qf6 31. Qd7+ Qf7 32. Qd6 g5 33. Qd4+
Kg6 34. Qe4+ Qf5 0-1

[Event "9th Sunway Sitges 2022"]
[Site "Sitges ESP"]
[Date "2022.12.17"]
[Round "6.86"]
[White "Sieber, Fiona"]
[Black "Chia, Yu Zhe Ashton"]
[Result "0-1"]
[WhiteTitle "WIM"]
[WhiteElo "2245"]
[BlackElo "1970"]
[WhiteFideId "12902373"]
[BlackFideId "5821304"]
[EventDate "2022.12.12"]

1. e4 c5 2. Nf3 Nc6 3. Nc3 g6 4. d4 cxd4 5. Nxd4 Bg7 6. Be3 Nf6 7. Bc4 O-O 8.
Bb3 a5 9. f3 d5 10. exd5 Nb4 11. Nde2 a4 12. Nxa4 Nfxd5 13. Bd4 e5 14. Bc5 Rxa4
15. Bxf8 Bxf8 16. Bxa4 Qa5 17. Nc3 Nxc3 18. bxc3 Qxa4 19. cxb4 Bxb4+ 20. Kf1 Be6
21. h4 Bc5 22. Qd8+ Kg7 23. h5 h6 24. Qd2 g5 25. g3 e4 26. Rd1 Qb5+ 27. Kg2
exf3+ 28. Kh2 Qc4 29. Rhf1 Qg4 30. Rf2 Qh3+ 31. Kg1 Qg2# 0-1

[Event "9th Sunway Sitges 2022"]
[Site "Sitges ESP"]
[Date "2022.12.17"]
[Round "6.87"]
[White "Rajarishi, Karthi"]
[Black "Shreyas Seshadri Nallore"]
[Result "1-0"]
[WhiteTitle "CM"]
[WhiteElo "2239"]
[BlackElo "1849"]
[WhiteFideId "5092523"]
[BlackFideId "25683900"]
[EventDate "2022.12.12"]

1. d4 Nf6 2. c4 e6 3. Nc3 Bb4 4. f3 d5 5. a3 Bxc3+ 6. bxc3 O-O 7. e3 c5 8. cxd5
exd5 9. Bd3 Re8 10. Ne2 b6 11. O-O Ba6 12. Ng3 Bxd3 13. Qxd3 Nc6 14. Ra2 h5 15.
Re2 Rc8 16. Bb2 Rc7 17. Nh1 Ne7 18. Qd2 Nc8 19. Nf2 Nd6 20. Qd3 Rce7 21. Rfe1
Qa8 22. dxc5 bxc5 23. e4 Nc4 24. Bc1 Ne5 25. Qc2 dxe4 26. Nxe4 Nxe4 27. Rxe4 Ng6
28. Rxe7 Rxe7 29. Rxe7 Nxe7 30. Qe2 Nd5 31. Qe5 Qd8 32. Bd2 Nb6 33. Be1 Qd1 34.
Kf2 Qc2+ 35. Qe2 Qa4 36. Qe7 c4 37. Kg3 Qc6 38. Qxa7 Qg6+ 39. Kf2 Qc2+ 40. Kg1
Qd1 41. Qb8+ Kh7 42. Qe5 g6 43. h4 Nc8 44. Kh2 Nd6 45. a4 Nf5 46. a5 Qa1 47. Bd2
Qa2 48. Bg5 Qa3 49. Qf6 Qf8 50. Bf4 Qe8 51. Be5 1-0

[Event "9th Sunway Sitges 2022"]
[Site "Sitges ESP"]
[Date "2022.12.17"]
[Round "6.88"]
[White "Assylov, Miras"]
[Black "Mannion, Stephen R"]
[Result "1/2-1/2"]
[BlackTitle "IM"]
[WhiteElo "2044"]
[BlackElo "2233"]
[WhiteFideId "13728873"]
[BlackFideId "2400111"]
[EventDate "2022.12.12"]

1. e4 e5 2. Nf3 Nc6 3. Bb5 a6 4. Ba4 Nf6 5. O-O Be7 6. Re1 b5 7. Bb3 d6 8. c3
O-O 9. h3 Na5 10. Bc2 c5 11. d4 Qc7 12. d5 Bd7 13. b3 c4 14. b4 Nb7 15. a4 Rfb8
16. a5 Nd8 17. Nbd2 Ne8 18. Nf1 f6 19. Ng3 g6 20. Nh2 Nf7 21. f4 exf4 22. Bxf4
Ng7 23. Ng4 Rf8 24. Nh6+ Nxh6 25. Bxh6 Rae8 26. Kh2 Bd8 27. Rf1 Bc8 28. Qd2 Rf7
29. Rf2 Ref8 30. Raf1 Qe7 1/2-1/2

[Event "9th Sunway Sitges 2022"]
[Site "Sitges ESP"]
[Date "2022.12.17"]
[Round "6.89"]
[White "Gulatz, Maurice"]
[Black "Prudhvi, Kumar V"]
[Result "0-1"]
[WhiteTitle "CM"]
[WhiteElo "2227"]
[BlackElo "1733"]
[WhiteFideId "24642746"]
[BlackFideId "25044788"]
[EventDate "2022.12.12"]

1. e4 c5 2. Nf3 Nc6 3. Bb5 g6 4. O-O Bg7 5. c3 Nf6 6. Qe2 O-O 7. d4 cxd4 8. cxd4
d5 9. e5 Ne4 10. Bxc6 bxc6 11. Ne1 Qb6 12. Be3 Ba6 13. Nd3 Bxd3 14. Qxd3 Qxb2
15. Nd2 Nxd2 16. Bxd2 c5 17. Bc3 Qa3 18. Qd2 cxd4 19. Bb4 Qa6 20. Bxe7 Rfe8 21.
Bd6 Bxe5 22. Bxe5 Rxe5 23. Qxd4 Rae8 24. g3 Qb6 25. Qa4 Re4 26. Qa3 a5 27. Rab1
Rb4 28. Rbc1 d4 29. Rfd1 Rd8 30. Qf3 Qd6 31. Rc6 Qd5 32. Qf6 Rbb8 33. a4 Rd7 34.
Qf4 Rbd8 35. Rb6 Qa2 36. h4 Qxa4 37. Re1 Qc2 0-1

[Event "9th Sunway Sitges 2022"]
[Site "Sitges ESP"]
[Date "2022.12.17"]
[Round "6.90"]
[White "Vignesh, B"]
[Black "Gaboyan, Susanna"]
[Result "1-0"]
[BlackTitle "WIM"]
[WhiteElo "2032"]
[BlackElo "2200"]
[WhiteFideId "35051555"]
[BlackFideId "13303627"]
[EventDate "2022.12.12"]

1. e4 c5 2. Nf3 Nc6 3. d4 cxd4 4. Nxd4 Nf6 5. Nc3 e5 6. Ndb5 d6 7. Nd5 Nxd5 8.
exd5 Ne7 9. c3 Ng6 10. Qa4 Bd7 11. Qc4 Bxb5 12. Qxb5+ Qd7 13. Qb3 a6 14. h4 h5
15. g3 f5 16. Be2 Ne7 17. a4 g6 18. a5 Bh6 19. Bxh6 Rxh6 20. Ra4 Rh7 21. Rb4 Ng8
22. c4 Nf6 23. Rb6 Ne4 24. Qa3 Re7 25. b4 Kf7 26. Bf3 Nf6 27. c5 e4 28. Be2 e3
29. f3 dxc5 30. d6 Re5 31. bxc5 Ra7 32. Qc3 Qe8 33. f4 Rd5 34. Qxf6+ Kxf6 35.
d7+ Qe6 36. Rxe6+ Kxe6 37. Bc4 Ra8 38. Ke2 Rd8 39. Rd1 Rxd7 40. Rxd5 Rxd5 41.
Kxe3 1-0

[Event "9th Sunway Sitges 2022"]
[Site "Sitges ESP"]
[Date "2022.12.17"]
[Round "6.92"]
[White "Bach, Matthias"]
[Black "Mompel Ferruz, Xavier"]
[Result "0-1"]
[WhiteTitle "FM"]
[WhiteElo "2208"]
[BlackElo "1953"]
[WhiteFideId "4603168"]
[BlackFideId "54585775"]
[EventDate "2022.12.12"]

1. d4 d5 2. c4 c6 3. Nc3 Nf6 4. Nf3 e6 5. g3 Nbd7 6. Bg2 dxc4 7. O-O Bd6 8. Bf4
Bxf4 9. gxf4 Nd5 10. e3 b5 11. Ne4 Qe7 12. Ne5 Bb7 13. Qh5 N7f6 14. Qxf7+ Qxf7
15. Nd6+ Ke7 16. Ndxf7 Rhc8 17. Ng5 c5 18. Rad1 Rc7 19. dxc5 Rxc5 20. Rd4 Rac8
21. Rfd1 R8c7 22. Ne4 Nxe4 23. Bxe4 Nf6 24. Bxb7 Rxb7 25. Kf1 Nd5 26. Ke1 Rbc7
27. a3 a5 28. Rc1 g5 29. fxg5 Nxe3 30. fxe3 Rxe5 31. a4 Rxe3+ 32. Kd2 Rb3 33.
Kc2 Rh3 34. axb5 Rxh2+ 35. Kb1 Rb7 36. Rdxc4 Rxb5 37. R4c2 Rxc2 38. Rxc2 Rxg5
39. Rc7+ Kd6 40. Rxh7 Rc5 41. Ka2 e5 42. Ka3 e4 43. b4 axb4+ 44. Kxb4 Rc8 45.
Rh5 Rc1 46. Kb3 e3 47. Rh2 Kd5 48. Rc2 Rxc2 0-1

[Event "9th Sunway Sitges 2022"]
[Site "Sitges ESP"]
[Date "2022.12.17"]
[Round "6.93"]
[White "Raghav, Srivathsav V"]
[Black "Borocz, Istvan1"]
[Result "0-1"]
[BlackTitle "IM"]
[WhiteElo "2059"]
[BlackElo "2334"]
[WhiteFideId "5073316"]
[BlackFideId "703036"]
[EventDate "2022.12.12"]

1. d4 Nf6 2. c4 e6 3. g3 c5 4. d5 exd5 5. cxd5 d6 6. Bg2 g6 7. Nc3 Bg7 8. e4 O-O
9. Nge2 Re8 10. O-O a6 11. a4 Nbd7 12. h3 Qa5 13. Ra3 Ne5 14. f4 Nc4 15. Ra2 Qb4
16. g4 Bxg4 17. hxg4 Nxg4 18. Qd3 f5 19. a5 Nxa5 20. exf5 c4 21. Qc2 Qb6+ 22.
Kh1 Qd8 23. Ng1 Qh4+ 24. Bh3 Nb3 25. fxg6 Nxc1 26. gxh7+ Kh8 27. Rxc1 Re3 28.
Nb5 Rxh3+ 29. Nxh3 Qxh3+ 30. Kg1 Qg3+ 31. Qg2 Qe3+ 32. Kf1 Qxf4+ 33. Ke2 Qe3+
34. Kf1 Qf4+ 35. Ke1 Re8+ 0-1

[Event "9th Sunway Sitges 2022"]
[Site "Sitges ESP"]
[Date "2022.12.17"]
[Round "6.94"]
[White "Coles, Robin"]
[Black "Domene Mulyukov, Alexander"]
[Result "0-1"]
[BlackTitle "FM"]
[WhiteElo "2051"]
[BlackElo "2271"]
[WhiteFideId "551017814"]
[BlackFideId "24589802"]
[EventDate "2022.12.12"]

1. e4 c5 2. Nf3 e6 3. g3 d5 4. exd5 exd5 5. d4 Nc6 6. Bg2 cxd4 7. Nxd4 Bc5 8.
Nb3 Bb6 9. O-O Nge7 10. Nc3 d4 11. Na4 Bc7 12. Nac5 h6 13. Qe2 O-O 14. Rd1 Re8
15. c3 Nf5 16. Qf1 Qf6 17. Bd2 Be5 18. Re1 Rd8 19. Ne4 Qg6 20. Rad1 a5 21. cxd4
Nfxd4 22. Nxd4 Bxd4 23. Bc3 Bg4 24. Rd3 Be6 25. b3 Bxc3 26. Rxc3 Nb4 27. Qe2 Bg4
28. f3 Bf5 29. a3 Nc6 30. Qf2 Nd4 31. Nc5 b6 32. Ne4 Nb5 33. Rcc1 Nxa3 34. Qb2
Nb5 35. f4 Rac8 36. Rxc8 Rxc8 37. Qe5 Bd7 38. Rd1 Qf5 39. Qxf5 Bxf5 40. Nd6 Rd8 0-1

[Event "9th Sunway Sitges 2022"]
[Site "Sitges ESP"]
[Date "2022.12.17"]
[Round "6.95"]
[White "Jimenez Fernandez, Rebeca"]
[Black "Webb, Laurence E"]
[Result "0-1"]
[WhiteTitle "WFM"]
[BlackTitle "FM"]
[WhiteElo "2040"]
[BlackElo "2201"]
[WhiteFideId "32070934"]
[BlackFideId "402389"]
[EventDate "2022.12.12"]

1. e4 e6 2. d4 d5 3. e5 c5 4. c3 Nc6 5. Nf3 Bd7 6. a3 f6 7. Bd3 Qc7 8. O-O fxe5
9. Nxe5 Nxe5 10. Bf4 Nf6 11. dxe5 O-O-O 12. Bg3 Ne4 13. Bxe4 dxe4 14. c4 Bc6 15.
Qe2 g5 16. Nc3 h5 17. h3 Qh7 18. b4 b6 19. Nb5 Bxb5 20. cxb5 Rd3 21. a4 cxb4 22.
a5 Bc5 23. axb6 Bxb6 24. Kh1 Rhd8 25. Bh2 Kb8 26. g3 e3 27. Qa2 b3 28. Qb2 Bd4
29. Qa3 b2 30. Qa5 Bb6 0-1

[Event "9th Sunway Sitges 2022"]
[Site "Sitges ESP"]
[Date "2022.12.17"]
[Round "6.96"]
[White "Perez Aleman, Pedro Tomas"]
[Black "Ribera Veganzones, Serni"]
[Result "0-1"]
[BlackTitle "CM"]
[WhiteElo "1996"]
[BlackElo "2199"]
[WhiteFideId "2201038"]
[BlackFideId "6900860"]
[EventDate "2022.12.12"]

1. d4 Nf6 2. Nc3 d5 3. Bf4 e6 4. Nb5 Bb4+ 5. c3 Ba5 6. e3 a6 7. Na3 O-O 8. Bd3
c6 9. g4 Bc7 10. g5 Ne4 11. Bxc7 Qxc7 12. Bxe4 dxe4 13. Qc2 b5 14. Ne2 Bb7 15.
Ng3 c5 16. O-O-O Nd7 17. Nxe4 cxd4 18. Rxd4 e5 19. Rd2 b4 20. Nb1 Nc5 21. f3
Nxe4 22. fxe4 Rac8 23. Rhd1 Qb6 24. Qd3 Qg6 25. Qd6 Qxe4 26. Qb6 bxc3 27. Nxc3
Rc6 28. Qa7 Qb4 29. Rc2 g6 30. Rd7 Rb6 31. a3 Qb3 32. Nd1 Ra8 33. Qxa8+ Bxa8 34.
Rd8+ Kg7 35. Rxa8 Rd6 36. Nc3 Qb7 37. Ne4 Qxe4 38. Rcc8 Qh1+ 39. Kc2 Qd1+ 40.
Kc3 Qd3+ 41. Kb4 Qb5+ 42. Kc3 Rd3+ 43. Kc2 Qb3+ 0-1

[Event "9th Sunway Sitges 2022"]
[Site "Sitges ESP"]
[Date "2022.12.17"]
[Round "6.97"]
[White "Saveljevs, Aleksandrs"]
[Black "Cherniack, Alex"]
[Result "1/2-1/2"]
[WhiteElo "1974"]
[BlackElo "2188"]
[WhiteFideId "11601779"]
[BlackFideId "2007606"]
[EventDate "2022.12.12"]

1. e4 e5 2. Nf3 Nc6 3. d4 exd4 4. Nxd4 Bc5 5. Nb3 Bb6 6. Nc3 Nf6 7. Qe2 O-O 8.
Bg5 h6 9. Bh4 a5 10. a4 Nd4 11. Qd3 Nxb3 12. cxb3 Qe7 13. O-O-O Qe6 14. Qc2 c6
15. f3 d6 16. Bc4 Qe7 17. Rhe1 g5 18. Bg3 Bc7 19. Qd2 Rd8 20. h4 Nh5 21. Bh2 Be6
22. g4 Nf4 23. hxg5 hxg5 24. Bg3 Qf6 25. Qh2 Bxc4 26. Rh1 Ne6 27. bxc4 Kf8 28.
Bxd6+ Bxd6 29. Rxd6 Ke7 30. Rxd8 Rxd8 31. Qg3 Rd3 32. Rf1 Rxc3+ 33. bxc3 Qxc3+
34. Kd1 Qa1+ 35. Ke2 Qb2+ 36. Kd1 Qa1+ 37. Ke2 Qb2+ 38. Kd1 1/2-1/2